000
00247nam a2200097Ia 4500
001
707643
005
20250826162512.0
008
250824s9999 xx 000 0 und d
245
0
_a
SEKSEN GÜNDE DÜNYA TURU
_c
JULES VERNE
260
_b
TİMAŞ YAYINLARI
999
_c
707643
_d
707643